[Event "Bethune op-B 25th"]
[Site "Bethune"]
[Date "2004.12.30"]
[Round "7"]
[White "Cormon, Eric"]
[Black "Almudi, Richard"]
[Result "1-0"]
[WhiteElo "1710"]
[BlackElo "1520"]
[PlyCount "113"]
[EventDate "2004.12.26"]
[EventType "swiss"]
[EventRounds "7"]
[EventCountry "FRA"]
[SourceTitle "EXT 2006"]
[Source "ChessBase"]
[SourceDate "2005.11.24"]
[SourceVersion "1"]
[SourceVersionDate "2005.11.24"]
[SourceQuality "1"]

1. d4 d5 2. Nc3 Nf6 3. Bg5 c6 4. e3 Bf5 5. Bd3 Ne4 6. Nxe4 Bxe4 7. f3 Bxd3 8. Qxd3 Nd7 9. Ne2 g6 10. 0-0-0 Bg7 11. e4 f6 12. Bf4 Nb6 13. e5 0-0 14. h4 Nc4 15. exf6 exf6 16. g4 b5 17. g5 f5 18. h5 Rf7 19. hxg6 hxg6 20. Rh3 Qa5 21. Qb3 b4 22. Bd2 Rb7 23. Nf4 Re8 24. Nxg6 Nxd2 25. Kxd2 Bxd4 26. Re1 Rxe1 27. Kxe1 Kg7 28. Nf4 Re7+ 29. Kd1 Be3 30. Nh5+ Kg6 31. f4 Bf2 32. Nf6 Re1+ 33. Kd2 Re7 34. Rh6+ Kf7 35. Rh7+ Ke6 36. Rh2 Qc5 37. Qd3 Kd6 38. Rh6 Qe3+ 39. Qxe3 Bxe3+ 40. Kd3 Bxf4 41. Nh5+ Ke5 42. Nxf4 Kxf4 43. g6 Rg7 44. Rh4+ Kf3 45. Rxb4 f4 46. Ra4 Kf2 47. Rxf4+ Kg3 48. Rf6 c5 49. Rd6 c4+ 50. Kd4 Kf3 51. Kxd5 Rc7 52. Rf6+ Kg4 53. Rf7 Rc8 54. Rxa7 Kf4 55. g7 Ke3 56. Ra4 Rd8+ 57. Kxc4 1-0

[Event "Bethune op-B 25th"]
[Site "Bethune"]
[Date "2004.12.27"]
[Round "3"]
[White "Dupont, Arthur"]
[Black "Almudi, Richard"]
[Result "0-1"]
[WhiteElo "1640"]
[BlackElo "1520"]
[PlyCount "54"]
[EventDate "2004.12.26"]
[EventType "swiss"]
[EventRounds "7"]
[EventCountry "FRA"]
[SourceTitle "EXT 2006"]
[Source "ChessBase"]
[SourceDate "2005.11.24"]
[SourceVersion "1"]
[SourceVersionDate "2005.11.24"]
[SourceQuality "1"]

1. c4 Nf6 2. Nc3 e6 3. d4 d5 4. Bf4 a6 5. e3 c5 6. Nf3 Ne4 7. cxd5 Nxc3 8. bxc3 Qxd5 9. Qb3 Qc6 10. Ne5 Qd5 11. Bc4 Qxg2 12. Rf1 Bd6 13. Qa4+ b5 14. Bxb5+ axb5 15. Qxb5+ Ke7 16. dxc5 Bc7 17. Qb4 Kf6 18. Qd4 Ba6 19. Nc4+ e5 20. Bxe5+ Bxe5 21. Qxe5+ Kg6 22. 0-0-0 f6 23. Qe6 Kh6 24. f3 Bxc4 25. Qxc4 Rxa2 26. Qh4+ Kg6 27. Rg1 Ra1# 0-1

[Event "Le Touquet op-B 19th"]
[Site "Le Touquet"]
[Date "2004.10.28"]
[Round "5"]
[White "Almudi, Richard"]
[Black "Herbaut, Jean Pierre"]
[Result "1-0"]
[WhiteElo "1520"]
[BlackElo "1320"]
[PlyCount "43"]
[EventDate "2004.10.25"]
[EventType "swiss"]
[EventRounds "9"]
[EventCountry "FRA"]
[SourceTitle "EXT 2006"]
[Source "ChessBase"]
[SourceDate "2005.11.24"]
[SourceVersion "1"]
[SourceVersionDate "2005.11.24"]
[SourceQuality "1"]

1. e4 e5 2. Nc3 Nc6 3. Nf3 Be7 4. Bc4 Nh6 5. d3 Ng4 6. h3 Nf6 7. Nd5 0-0 8. Be3 d6 9. Qd2 b6 10. 0-0-0 h6 11. g4 Nh7 12. Rhg1 Bh4 13. Nxh4 Qxh4 14. Nxc7 Rb8 15. g5 hxg5 16. Bxg5 Nxg5 17. Qxg5 Qxg5+ 18. Rxg5 Nd4 19. h4 Rb7 20. Nd5 Be6 21. Nf6+ Kh8 22. Rh5# 1-0

[Event "Bethune op-B 24th"]
[Site "Bethune"]
[Date "2003.12.27"]
[Round "3"]
[White "Almudi, Richard"]
[Black "Robion, Jean Claude"]
[Result "0-1"]
[WhiteElo "1330"]
[BlackElo "1590"]
[PlyCount "56"]
[EventDate "2003.12.26"]
[EventType "swiss"]
[EventRounds "9"]
[EventCountry "FRA"]
[SourceTitle "EXT 2005"]
[Source "ChessBase"]
[SourceDate "2004.11.15"]
[SourceVersion "1"]
[SourceVersionDate "2004.11.15"]
[SourceQuality "1"]

1. e4 e5 2. Nf3 Nc6 3. Nc3 Bc5 4. Bc4 d6 5. d3 Nf6 6. Bg5 Be6 7. Nd5 h6 8. Nxf6+ gxf6 9. Bxe6 fxe6 10. Bh4 Rg8 11. Rg1 Qe7 12. Qe2 Kd7 13. 0-0-0 a5 14. h3 a4 15. c3 Rgb8 16. g4 b5 17. Qd2 Qf8 18. Rgf1 b4 19. c4 Na5 20. Qe2 b3 21. a3 d5 22. Nd2 Bxa3 23. Bxf6 Bxb2+ 24. Kxb2 a3+ 25. Ka1 Qxf6 26. cxd5 exd5 27. exd5 e4+ 28. Kb1 Qb2# 0-1